000 00651nam a2200205Ii 4500
003 JO-AjNU
008 230605s9999||||xx |||||||||||||| ||und||
017 _a139
040 _aJO-AjNU
_bara
_erda
_cJO-AjNU
041 _aara
050 1 4 _aS633.N829 1987
100 3 _aالنعيمي ، سعدالله نجم,
_eauthor
_914363
245 0 0 _aالاسمدة وخصوبة التربة
264 3 1 _aالموصل:وزارة البحث العلمي ، 1987
300 _a340ص
336 _atext
_btxt
_2rdacontent
337 _aunmediated
_bn
_2rdamedia
338 _avolume
_bnc
_2rdacarrier
650 4 _aالاسمدة-خصوبة التربة
_914364
999 _aA3812
_c7380
_d7380